Volker des Alten Orient /
المؤلف الرئيسي:
التنسيق: كتاب
اللغة: English
منشور في:
Munchen :
Wilhelm Heyne, imp.,
1969.
سلاسل:
Enzyklopadie der Weltkunst ;
2.
الموضوعات:
الوسوم: إضافة وسم
رقم الطلب: N5345 .D22 1969
| LEADER | 00708namaa2200241 4500 | ||
|---|---|---|---|
| 001 | 16420 | ||
| 003 | OSt | ||
| 005 | 20250819124522.0 | ||
| 008 | 130303s1969 gw a 000 0 eng d | ||
| 040 | |c ARCE Library | ||
| 050 | 4 | |a N5345 .D22 1969 | |
| 100 | 1 | |a Du Ry, Carel J. |e author |9 38828 | |
| 245 | 1 | 0 | |a Volker des Alten Orient / |c [Carel J. Du Ry]. |
| 264 | 1 | |a Munchen : |b Wilhelm Heyne, imp., |c 1969. | |
| 300 | |a 287 Pages : |b ills. ; |c 18 cm. | ||
| 490 | 1 | |a Enzyklopadie der Weltkunst ; |v 2. | |
| 500 | |a Indices. | ||
| 650 | 0 | |a Art, Ancient |z Middle East. | |
| 651 | 0 | |a Middle East |x Antiquities. | |
| 830 | 0 | |a Enzyklopadie der Weltkunst ; |v 2. | |
| 901 | |a reviewed | ||
| 942 | |c BK |2 lcc | ||
| 999 | |c 14169 |d 14169 | ||
